000 00526nam a2200157 a 4500
008 120416s1979 xx |||||||||||||| || u
050 _aHD 31 Hil
100 _aHill, Norman C
245 1 0 _aIncreasing managerial effectiveness
246 _akeys to management and motivation
260 _c1979
350 _a0.00
650 _aMOTIVATION--MANAGEMENT
650 0 _aMANAGEMENT
995 _D0.00
_FCBU-MAIN LIBRARY (Kitwe)
_H1
_I0.00
_M1
_UDAMAGED
_ZMain Library Open Access Collection
999 _c46601
_d46601